Ťažkosti vytvárajú príležitosti
Franchising, jeho podstata, pravidlá, princípy. Výhody franchisingu.
Guardado en:
| Autor principal: | |
|---|---|
| Formato: | Capítulo de libro |
| Lenguaje: | eslovaco |
| Materias: | |
| Etiquetas: |
Sin Etiquetas, Sea el primero en etiquetar este registro!
|
MARC
| LEADER | 00000naa a2200000 4500 | ||
|---|---|---|---|
| 001 | 0145896 | ||
| 005 | 20240502072631.6 | ||
| 041 | 0 | |a slo | |
| 044 | |a SK | ||
| 245 | 1 | 0 | |a Ťažkosti vytvárajú príležitosti |c Jozef Orgonáš |
| 520 | |a Franchising, jeho podstata, pravidlá, princípy. Výhody franchisingu. | ||
| 610 | 2 | 0 | |a technika obchodná |
| 610 | 2 | 0 | |a franchising |
| 100 | 1 | |a Orgonáš, Jozef, 1957- | |